000 00214nam a22000977a 4500
003 OSt
008 210114b ||||| |||| 00| 0 eng d
100 _aHari sharma, A. T
_94862
245 _aBhasha kavikal
942 _cBK
999 _c16535
_d16535